| 000 | 00506nam a2200193 i 4500 | ||
|---|---|---|---|
| 001 | bg | ||
| 100 | 1 | _aWRÓBLELWSKI, Andrzej Kajetan. | |
| 245 | 0 |
_aWstęp do fizyki. _nT. 1 / _cAndrzej Kajetan Wróblewski, Janusz Andrzej Zakrzewski. |
|
| 250 | _aWyd.2 popr. | ||
| 260 |
_aWarszawa, _c1984. |
||
| 650 | 9 | _aFizyka | |
| 655 | _aPodręczniki | ||
| 700 | 1 | _aZAKRZEWSKI, Janusz Andrzej. | |
| 040 | _cBPK | ||
| 041 | _apol | ||
| 080 | _a53(07) | ||
| 942 | _cKS | ||
| 008 | s pl f |000 0 pol | ||
| 999 |
_c1251 _d1251 |
||
| 856 |
_uhttp://koha.tu.koszalin.pl/cgi-bin/koha/opac-detail.pl?biblionumber=1251 _yKatalog online BPK |
||